Зарубежные концепции экономического развития стран Африки. Проблемы 80-х годов

Библиографические подробности
Автор-организация: Академия наук СССР (АН СССР) Институт Африки (ИАф)
Другие авторы: Гончаров Л. В. (редактор)
Примечания:Исключено из фонда НТБ ТПУ
Язык:русский
Опубликовано: Москва, Наука, 1988
Формат: Книга
Запись в KOHA:https://koha.lib.tpu.ru/cgi-bin/koha/opac-detail.pl?biblionumber=260282

MARC

LEADER 00000nam0a2200000 4500
001 260282
005 20231031221106.0
035 |a (RuTPU)RU\TPU\book\283230 
090 |a 260282 
100 |a 20140514d1988 k z0rusy50 ca 
101 0 |a rus 
102 |a RU 
105 |a y z 001zy 
200 1 |a Зарубежные концепции экономического развития стран Африки. Проблемы 80-х годов  |f Академия наук СССР (АН СССР), Институт Африки (ИАф) ; под ред. Л. В. Гончарова 
210 |a Москва  |c Наука  |d 1988 
215 |a 300 с. 
333 |a Исключено из фонда НТБ ТПУ 
702 1 |a Гончаров  |b Л. В.  |4 340 
712 0 2 |a Академия наук СССР (АН СССР)  |b Институт Африки (ИАф)  |c (Москва) 
801 1 |a RU  |b 63413507  |c 20140514 
801 2 |a RU  |b 63413507  |c 20220314  |g RCR 
942 |c BK